[Event "29th IND-ch U17 Open 2018"]
[Site "Sonipat"]
[Date "2018.09.09"]
[Round "9"]
[White "Mitrabha, Guha"]
[Black "Panesar Vedant"]
[Result "1/2-1/2"]
[WhiteElo "2376"]
[BlackElo "2124"]
[Annotator "TA"]
[PlyCount "114"]
[EventDate "2018.09.05"]
[EventCountry "IND"]
[SourceTitle "playchess.com"]
[Source "ChessBase"]
[SourceQuality "1"]

{[%evp 19,114,38,82,24,12,8,0,0,14,-26,-8,-16,-14,-16,-5,-10,-10,-33,-41,-130,-127,-127,-124,-120,-24,-13,-12,-17,-17,-30,-25,-18,-20,-84,-37,-24,-14,-72,-71,-71,-72,-79,-87,-87,-88,-150,-118,-214,-100,-84,-69,-85,-58,-63,-40,-40,-40,-40,-40,-40,-40,-40,-40,-40,-40,-40,-40,-40,-40,-40,-40,-60,-60,-1489,-770,-992,-40,-40,-35,-35,-35,-35,-35,-35,-35,-41,0,-41,-8,-8,-8,-8,-8,-8,-8,-8,-8]} 1. d4 c5 2. d5 Nf6 3. Nc3 g6 4. e4 d6 5. Nf3 Bg7 6. Be2 O-O 7. O-O Na6 8. h3 Nc7 9. a4 e5 {A43: Schmid Benoni} (9... a6 10. Re1 Rb8 11. a5 Nd7 12. Bf4 b5 13. axb6 Nxb6 14. Qd2 Re8 15. Rad1 Nd7 16. b3 Nb5 17. Na4 Qc7 18. Bf1 {1-0 (80) Aleksandrov,A (2615)-Guseinov,G (2646) Minsk 2015}) 10. dxe6 Nxe6 {LiveBook: 8 Games} 11. Be3 (11. Bc4 $16) 11... b6 $11 {White has an edge.} 12. Qd3 Bb7 13. Rad1 $146 ({Predecessor:} 13. Rfd1 Re8 14. a5 Nd4 15. Nxd4 cxd4 16. Bxd4 Nxe4 17. Bxg7 Kxg7 {½-½ (47) Nazarenus,M (2185)-Skalski,M (2334) Pardubice 2005}) 13... Re8 14. Qc4 Qe7 15. Nd5 Nxd5 16. exd5 Nd4 {Threatening ...Nf5.} 17. Rfe1 {[%cal Re3d4]} Nxe2+ 18. Rxe2 Qe4 ({And not} 18... Bxb2 19. c3 $16) 19. Qb3 (19. Qxe4 $15 Rxe4 20. b3) 19... Ba6 $17 20. Red2 h6 $36 {[%mdl 2048] Black has strong initiative.} 21. Re1 f5 (21... Bc4 $17 22. Qa3 g5) 22. Kh2 $1 $11 Qc4 23. Qxc4 Bxc4 24. b3 Ba6 {White must now prevent ...Bc3.} 25. Rdd1 g5 26. Bd2 (26. c4 $11 {keeps the balance.}) 26... Kf7 27. c4 Bf6 28. g4 (28. g3 $11 {remains equal.}) 28... Rxe1 $17 29. Rxe1 Bc8 30. Kg3 Bd7 31. Rc1 Re8 32. Bc3 (32. Re1 $142) 32... Re2 33. Bd2 (33. Re1 $17 Rxe1 34. Bxe1) 33... a6 (33... fxg4 $19 {has better winning chances.} 34. hxg4 Re4) 34. Re1 Rxe1 (34... Re8 {seems wilder.} 35. Bc1 Rh8 36. Bd2 Rb8 37. Nh2 f4+) 35. Nxe1 {[%mdl 4096] Endgame KBB-KBN} b5 (35... f4+ {is more complex.} 36. Kf3 h5 37. Nd3 Ke7 38. Bc1 Be8) 36. axb5 axb5 (36... f4+ {feels hotter.} 37. Kf3 axb5 38. Ke2 Ke7 39. f3 Be8) 37. f4 bxc4 38. bxc4 fxg4 39. hxg4 Ba4 {Strongly threatening ...Bb3.} 40. fxg5 hxg5 41. Nf3 Bb3 42. Nxg5+ Bxg5 43. Bxg5 Bxc4 $15 {KB-KB} 44. Bf4 Ke7 45. g5 Bxd5 46. Kf2 $2 {[%mdl 8192] [#]} (46. g6 $15) 46... Be4 $1 $19 47. Ke3 {[#]} Bg6 $2 ({Better is} 47... d5 $1 $19 48. g6 Bxg6) 48. Kd2 $1 $15 d5 {Threatens to win with ...d4.} 49. Kc3 Ke6 50. Be3 Kd6 51. Bg1 Kc6 52. Bf2 Kd6 53. Bg1 d4+ {[#]} 54. Bxd4 $1 {[%mdl 512] The position is equal.} cxd4+ 55. Kxd4 Ke6 56. Kc5 Kf5 57. Kb4 Kxg5 {Precision: White = 44%, Black = 55%.} 1/2-1/2

[Event "29th IND-ch U17 Open 2018"]
[Site "Sonipat"]
[Date "2018.09.09"]
[Round "9"]
[White "Om Kharola"]
[Black "Krishnater Kushager"]
[Result "0-1"]
[WhiteElo "2042"]
[BlackElo "2333"]
[Annotator "TA"]
[PlyCount "86"]
[EventDate "2018.09.05"]
[EventCountry "IND"]
[SourceTitle "playchess.com"]
[Source "ChessBase"]
[SourceQuality "1"]

{[%evp 19,86,-26,-25,-56,-68,-84,-53,-145,-151,-145,-160,-151,-110,-142,-139,-153,-145,-144,-93,-183,-141,-229,-208,-261,-136,-335,-325,-305,-327,-287,-159,-162,-102,-106,-118,-104,-98,-111,-69,-73,-78,-152,-147,-159,-127,-183,-183,-187,-190,-202,-206,-196,-195,-219,-193,-209,-161,-835,-924,-953,-1014,-1552,-1678,-29984,-29976,-29976,-29977,-29977,-29976]} 1. e4 e6 2. d3 c5 3. Nf3 Nc6 4. g3 g6 5. Bg2 Bg7 6. O-O Nge7 7. Nbd2 d6 8. Re1 e5 9. c3 O-O 10. h4 {A04: Holländisches System ohne Übergang in andere Systeme} (10. a3 b5 11. b4 cxb4 12. axb4 a5 13. Nb3 Be6 14. Nxa5 Nxa5 15. bxa5 Rxa5 16. Bd2 Rxa1 17. Qxa1 Qc7 18. Rb1 {½-½ (55) Piorun,K (2638)-Mastrovasilis,D (2580) Poland 2017}) 10... h6 {LiveBook: 6 Partien} 11. Nb3 f5 12. exf5 $146 {Schwarz steht etwas besser.} ({Vorgänger:} 12. Nh2 f4 13. h5 g5 14. g4 Be6 15. f3 b5 {0-1 (15) Garcia Castilla,M (1967)-Kurbasov,S (2158) ICCF email 2016}) 12... gxf5 13. d4 (13. h5 $15) 13... cxd4 $17 14. cxd4 e4 15. Nh2 d5 16. h5 Qe8 17. Bf4 Nd8 18. Nc5 Nec6 (18... Qf7 $142 19. Nf1 b6) 19. Be3 (19. Nf3 $17 {war nötig.}) 19... b6 20. Nb3 (20. Nd3 $17) 20... Ne6 $19 21. Kh1 f4 ({Besser ist} 21... a5 $19 {Und ...a4 würde nun gewinnen.} 22. Nc1 Nexd4) 22. Bxf4 $2 (22. gxf4 $17 {einziger Zug.} Nxf4 23. Rg1) 22... Nxf4 23. gxf4 Rxf4 24. f3 {beabsichtigt fxe4.} e3 ({Schwächer ist} 24... Qxh5 25. fxe4 Qg6 26. e5 $11) ({Lieber} 24... Rh4 $19 25. fxe4 Bg4 26. Qxg4 Rxg4 27. Nxg4 Qxh5+ 28. Nh2 Rf8) 25. Qc1 $17 Bb7 (25... Rh4 $19 26. Qxe3 Bd7 27. Qxe8+ Rxe8) 26. Qxe3 Qxe3 27. Rxe3 Nxd4 28. Re7 {[#] Schwarz muss nun Sxd4 beachten.} Nxb3 29. axb3 Rf7 30. Re2 (30. Rxf7 $142 Kxf7 31. Ng4) 30... d4 31. Bh3 Kh8 32. Bg4 (32. Rae1 $17) 32... Rd8 33. Rd2 a5 {[%cal Ba7a5,Ba5b4,Bb4b3][%mdl 32]} 34. Kg2 Bd5 35. b4 axb4 36. Ra4 b3 37. Rb4 Rc7 {[#] Und weiter mit ...b5! wäre nett.} 38. Rxb6 $2 (38. Bf5) 38... Rc2 $19 39. Nf1 Bc4 40. Kh1 Bxf1 41. Rxd4 Bxd4 {Schwarz setzt Matt.} 42. Rxh6+ Kg7 43. Rg6+ Kf7 {Precision: Weiß = 25%, Schwarz = 56%.} 0-1

[Event "29th IND-ch U17 Open 2018"]
[Site "Sonipat"]
[Date "2018.09.09"]
[Round "9"]
[White "Sibi Visal R"]
[Black "Anup Shankar R"]
[Result "1-0"]
[WhiteElo "1959"]
[BlackElo "1785"]
[Annotator "NA RC"]
[PlyCount "101"]
[EventDate "2018.09.05"]
[EventCountry "IND"]
[SourceTitle "playchess.com"]
[Source "ChessBase"]
[SourceQuality "1"]
[TimeControl "5400+30"]

{[%evp 12,80,30,6,19,12,35,-2,7,-25,-29,-26,-18,-14,37,33,92,70,107,75,81,73,86,81,80,71,77,72,137,122,150,140,153,80,145,154,162,22,18,22,22,30,23,13,34,0,32767,32767,32767,32767,32767,32767,32767,32767,32767,32767,32767,32767,32767,32767,32767,32767,32767,32767,32767,32767,32767,32767,220,231,266]} 1. c4 {[%emt 0:00:00]} c6 {[%emt 0:01:41]} 2. Nf3 {[%emt 0:00:00]} Nf6 {[%emt 0:00:00]} 3. g3 {[%emt 0:00:00]} g6 {[%emt 0:00:00]} 4. Bg2 {[%emt 0:00:00]} Bg7 {[%emt 0:00:00]} 5. O-O {[%emt 0:00:01]} O-O {[%emt 0:00:01]} 6. Nc3 {[%emt 0:00:01]} d6 {[%emt 0:01:56]} 7. d3 {[%emt 0:00:33]} e5 {[%emt 0:02:19] LiveBook: 204 Games} 8. Rb1 {[%emt 0:00:01]} Nbd7 {[%emt 0:00:40]} 9. Bg5 {[%emt 0:00:01]} h6 {[%emt 0:01:09]} 10. Bxf6 {[%emt 0:00:01]} Nxf6 {[%emt 0:00:11]} 11. b4 {[%emt 0:04:02] A24: English Opening vs King's Indian: Lines without ...Nc6} Bg4 $146 {[%emt 0:05:26]} ({Predecessor:} 11... Qc7 12. b5 d5 13. bxc6 bxc6 14. cxd5 cxd5 15. Qc1 {0-1 (68) Daly,C (2265)-Petkevich,J (2440) Moscow 1994}) 12. b5 {[%emt 0:01:17]} Bxf3 {[%emt 0:04:01]} 13. Bxf3 {[%emt 0:00:00]} d5 {[%emt 0:00:19]} 14. bxc6 {[%emt 0:00:56]} bxc6 {[%emt 0:00:17]} 15. cxd5 {[%emt 0:00:00]} cxd5 {[%emt 0:04:01]} 16. Qb3 {[%emt 0:11:25]} Rb8 {[%emt 0:20:12]} 17. Qxb8 {[%emt 0:12:01]} Qxb8 {[%emt 0:00:00]} 18. Rxb8 {[%emt 0:00:08]} Rxb8 {[%emt 0:00:00]} 19. Nxd5 {[%emt 0:00:00]} Rb2 {[%emt 0:03:01]} ({Black should try} 19... Nxd5 20. Bxd5 Bf8) 20. Rc1 {[%emt 0:01:50]} Rxa2 {[%emt 0:07:15]} 21. Rc8+ {[%emt 0:00:01]} Kh7 {[%emt 0:01:06]} 22. Nxf6+ {[%emt 0:00:01]} Bxf6 {[%emt 0:00:39]} 23. Rc7 {[%emt 0:00:00]} Kg8 {[%emt 0:05:35]} 24. Kf1 {[%emt 0:00:02]} ({White should try} 24. Bd5 $16 Rxe2 25. Rxf7 (25. Bxf7+ Kf8 $16)) 24... Ra5 {[%emt 0:01:28]} 25. Rd7 {[%emt 0:00:25]} Kf8 {[%emt 0:01:30]} 26. Bd5 {[%emt 0:02:47]} Be7 {[%emt 0:01:22]} 27. Bc4 {[%emt 0:00:00]} h5 {[%emt 0:03:38]} 28. h4 {[%emt 0:00:00]} Ra1+ {[%emt 0:09:54]} 29. Kg2 {[%emt 0:00:00]} a5 {[%emt 0:00:01]} 30. Rd5 {[%emt 0:00:01]} Bf6 {[%emt 0:00:01]} 31. Rb5 {[%emt 0:00:00]} Ke8 {[%emt 0:07:49]} 32. Rb8+ {[%emt 0:00:01]} Bd8 {[%emt 0:00:00]} 33. Bxf7+ {[%emt 0:00:00]} Kxf7 {[%emt 0:00:00]} 34. Rxd8 {[%emt 0:00:00]} Ra4 {[%emt 0:05:35]} 35. Kf3 {[%emt 0:00:00]} Ke6 {[%emt 0:00:42]} 36. Ke3 {[%emt 0:00:54]} Rb4 {[%emt 0:02:28]} 37. Rg8 {[%emt 0:00:54]} Kf5 {[%emt 0:00:58]} 38. Ra8 {[%emt 0:00:01]} a4 {[%emt 0:00:00]} 39. Kf3 {[%emt 0:01:23]} Kf6 $2 {[%emt 0:06:23]} ({Better is} 39... Ke6 $14) 40. Ra6+ {[%emt 0:00:00]} Kg7 $18 {[%emt 0:00:00]} 41. e4 {[%emt 0:02:53]} Rb3 {[%emt 0:00:33]} 42. Ke3 {[%emt 0:00:00]} a3 {[%emt 0:00:00]} 43. f4 {[%emt 0:00:00]} exf4+ {[%emt 0:00:31]} 44. gxf4 {[%emt 0:00:01]} Kf7 {[%emt 0:01:02]} 45. e5 {[%emt 0:00:00]} Kg7 {[%emt 0:00:02]} 46. Ke4 {[%emt 0:00:00]} Rb4+ {[%emt 0:00:00]} 47. d4 {[%emt 0:00:23]} Rb3 {[%emt 0:00:59]} 48. Ra7+ {[%emt 0:00:01]} Kh8 {[%emt 0:03:26]} 49. e6 {[%emt 0:00:00]} Kg8 {[%emt 0:00:00]} 50. Ke5 {[%emt 0:00:18]} Kf8 {[%emt 0:01:04]} 51. Kf6 {[%emt 0:00:00]} 1-0

[Event "29th IND-ch U17 Open 2018"]
[Site "Sonipat"]
[Date "2018.09.09"]
[Round "9"]
[White "Vinay Thomas Abraham"]
[Black "Akshit Kumar J"]
[Result "1-0"]
[WhiteElo "1953"]
[BlackElo "1845"]
[Annotator "NA RC"]
[PlyCount "87"]
[EventDate "2018.09.05"]
[EventCountry "IND"]
[SourceTitle "playchess.com"]
[Source "ChessBase"]
[SourceQuality "1"]
[TimeControl "5400+30"]

{[%evp 13,60,58,70,54,62,34,21,24,29,50,37,31,43,38,39,0,0,0,0,0,25,6,0,0,23,0,-11,0,-7,0,0,0,0,-120,0,0,-174,32767,32767,32767,32767,32767,284,229,501,552,552,553,520]} 1. e4 {[%emt 0:00:00]} c5 {[%emt 0:00:11]} 2. Nf3 {[%emt 0:00:07]} d6 {[%emt 0:00:36]} 3. d4 {[%emt 0:00:05]} cxd4 {[%emt 0:00:07]} 4. Nxd4 {[%emt 0:00:02]} Nf6 {[%emt 0:00:01]} 5. Nc3 {[%emt 0:00:09]} g6 {[%emt 0:00:00]} 6. Be3 {[%emt 0:00:09]} Bg7 {[%emt 0:00:01]} 7. f3 {[%emt 0:00:10]} Nc6 {[%emt 0:00:12]} 8. Qd2 {[%emt 0:00:00]} O-O {[%emt 0:00:02]} 9. Bc4 {[%emt 0:00:10]} Bd7 {[%emt 0:00:00]} 10. O-O-O {[%emt 0:00:10]} Rb8 {[%emt 0:00:04]} 11. Bb3 {[%emt 0:00:44]} Na5 {[%emt 0:00:16]} 12. Bh6 {[%emt 0:05:56] B77: Sicilian Dragon: Yugoslav Attack, 9 Bc4 sidelines} Bxh6 {[%emt 0:00:28]} 13. Qxh6 {[%emt 0:00:23]} b5 {[%emt 0:00:15]} 14. h4 {[%emt 0:05:00]} e5 {[%emt 0:00:51]} 15. Nde2 {[%emt 0:02:07]} b4 {[%emt 0:00:20]} 16. Nd5 {[%emt 0:04:17] LiveBook: 55 Games} Nxb3+ {[%emt 0:00:11]} 17. axb3 {[%emt 0:05:33]} Nxd5 {[%emt 0:00:08]} 18. Rxd5 {[%emt 0:01:25]} Rb6 {[%emt 0:05:03]} 19. h5 {[%emt 0:07:14]} g5 {[%emt 0:02:22]} 20. Rxd6 {[%emt 0:17:37] [#]} f6 $1 $146 {[%emt 0:00:18]} 21. Rhd1 {[%emt 0:04:31]} Rxd6 {[%emt 0:00:10]} 22. Rxd6 {[%emt 0:00:06]} Qe7 {[%emt 0:00:25]} 23. Rd2 {[%emt 0:08:38] [#]} (23. Rd5 $1 $11) 23... Be6 $2 {[%emt 0:19:31]} ({Black should play} 23... a5 $1 $19 24. Kb1 a4) 24. Kb1 {[%emt 0:10:49]} a5 {[%emt 0:10:41]} 25. Nc1 {[%emt 0:05:25]} Qc5 {[%emt 0:21:22]} 26. g3 {[%emt 0:00:00]} a4 {[%emt 0:05:15]} 27. bxa4 {[%emt 0:00:01]} Qg1 {[%emt 0:00:01]} (27... Qc7 $142 28. b3 Qc3) 28. Rd6 {[%emt 0:07:20]} b3 $2 {[%emt 0:07:50]} (28... Qc5 29. Rxe6 Rc8 30. Re8+ (30. Qxf6 Qxc2+ 31. Ka2 Qxa4+ 32. Kb1 Qc2+ 33. Ka2 Qxc1 $11) 30... Rxe8 31. Qxf6 Qe7 32. Qxe7 Rxe7) 29. cxb3 {[%emt 0:00:59]} (29. Rxe6 bxc2+ 30. Kxc2 Rc8+ 31. Kb3 Qd4 $19) 29... Rc8 {[%emt 0:10:09]} 30. Ka2 {[%emt 0:00:12]} Bf7 $18 {[%emt 0:00:35]} 31. Ne2 {[%emt 0:02:38]} Qe3 {[%emt 0:03:56]} 32. Nc3 {[%emt 0:01:00]} Rb8 {[%emt 0:00:28]} 33. Qxf6 {[%emt 0:01:05]} Bxb3+ {[%emt 0:01:10]} 34. Ka1 {[%emt 0:00:00]} Qc1+ {[%emt 0:02:16]} 35. Nb1 {[%emt 0:00:00]} Bc2 {[%emt 0:01:16]} 36. Qe6+ {[%emt 0:02:53]} Kf8 {[%emt 0:01:12]} 37. Qa2 {[%emt 0:02:40]} Bxb1 {[%emt 0:01:14]} 38. Qxb1 {[%emt 0:00:23]} Qc4 {[%emt 0:00:35]} 39. Qd1 {[%emt 0:00:08]} Ke8 {[%emt 0:00:35]} 40. Rd5 {[%emt 0:00:49]} Qc7 {[%emt 0:00:32]} 41. Qd2 {[%emt 0:00:31]} Ra8 {[%emt 0:00:21]} 42. Qxg5 {[%emt 0:00:44]} Rxa4+ {[%emt 0:00:21]} 43. Kb1 {[%emt 0:00:00]} Ra5 {[%emt 0:00:48]} 44. Qg8+ {[%emt 0:00:08]} 1-0

[Event "29th IND-ch U17 Open 2018"]
[Site "Sonipat"]
[Date "2018.09.09"]
[Round "9"]
[White "Rupam Mukherjee"]
[Black "Vaibhav Jayant Raut"]
[Result "1/2-1/2"]
[WhiteElo "1837"]
[BlackElo "1999"]
[Annotator "NA RC"]
[PlyCount "128"]
[EventDate "2018.09.05"]
[EventCountry "IND"]
[SourceTitle "playchess.com"]
[Source "ChessBase"]
[SourceQuality "1"]
[TimeControl "5400+30"]

1. d4 {[%emt 1:25:29]} Nf6 {[%emt 1:30:21]} 2. Nf3 {[%emt 0:04:58]} e6 {[%emt 0:00:38]} 3. c3 {[%emt 0:01:02]} b6 {[%emt 0:00:00]} 4. Bf4 {[%emt 0:00:25]} Bb7 {[%emt 0:01:00]} 5. e3 {[%emt 0:00:30]} d6 {[%emt 0:00:30]} 6. h3 {[%emt 0:00:29]} Nbd7 {[%emt 0:00:29]} 7. Nbd2 {[%emt 0:00:33]} g6 {[%emt 0:00:31]} 8. Be2 {[%emt 0:00:30]} Bg7 {[%emt 0:00:30]} 9. O-O {[%emt 0:00:32]} O-O {[%emt 0:00:30] LiveBook: 22 Games} 10. Rc1 {[%emt 0:00:00] A48: 1 d4 Nf6 2 Nf3 g6: Torre, London and Colle Systems} (10. a4 a5 11. Bh2 Qe7 12. Nc4 Ne4 13. Nfd2 Nxd2 14. Nxd2 f5 15. Bf3 Bxf3 16. Qxf3 Nf6 17. Qc6 Nd5 18. Rae1 Bh6 19. Re2 Qe8 20. Qc4 Qf7 21. Nf3 Rae8 22. Rfe1 Nf6 23. Bf4 Bg7 24. b4 Ne4 25. Ng5 Nxg5 26. Bxg5 {½-½ (26) Prohaszka,P (2596)-Kantans,T (2473) Minsk 2017}) 10... Qe7 {[%emt 0:00:00]} 11. Bh2 {[%emt 0:00:58]} e5 {[%emt 0:00:00]} 12. c4 $146 {[%emt 0:00:00]} ({Predecessor:} 12. dxe5 dxe5 13. Nb3 Rfd8 14. Nfd2 a5 15. a4 Nc5 16. Bf3 e4 17. Be2 Nxb3 18. Qxb3 Rxd2 {0-1 (27) Cereijo,N (2130)-Valles Moreno,I (2443) Pontevedra 2016}) 12... c5 {[%emt 0:00:00]} 13. Nb1 {[%emt 0:01:03]} Ne4 {[%emt 0:00:00]} 14. dxe5 {[%emt 0:00:30]} dxe5 {[%emt 0:00:00]} 15. Nfd2 {[%emt 0:00:29]} Nxd2 {[%emt 0:00:00]} 16. Qxd2 {[%emt 0:00:00]} Nf6 {[%emt 0:00:00]} (16... Qg5 $15 17. Bg3 Nf6) 17. Nc3 {[%emt 0:01:01]} Ne4 {[%emt 0:00:00]} 18. Nxe4 {[%emt 0:00:30]} (18. Nd5 $5 {[%cal Rd5e7]} Qg5 19. Qc2 $11) 18... Bxe4 {[%emt 0:04:29]} 19. f3 {[%emt 0:00:28]} Rad8 {[%emt 0:00:29]} 20. Qc3 {[%emt 0:00:29]} Bc6 {[%emt 0:00:31]} 21. e4 {[%emt 0:00:33]} Rd4 {[%emt 0:00:00]} 22. Rcd1 {[%emt 0:00:18]} f5 {[%emt 0:00:00]} 23. exf5 {[%emt 0:00:43]} gxf5 {[%emt 0:01:32]} 24. Qc2 {[%emt 0:00:00]} Kh8 {[%emt 0:00:29]} 25. Kh1 {[%emt 0:00:00]} e4 {[%emt 0:00:30]} 26. Bg1 {[%emt 0:01:29]} Rxd1 {[%emt 0:00:28]} 27. Rxd1 {[%emt 0:00:30]} exf3 {[%emt 0:00:00]} 28. Bxf3 {[%emt 0:00:30]} Bxf3 {[%emt 0:01:02]} 29. gxf3 {[%emt 0:00:30]} Qh4 {[%emt 0:00:00]} 30. Qh2 {[%emt 0:00:30]} Qxc4 {[%emt 0:01:00]} 31. Rd7 {[%emt 0:00:00]} f4 {[%emt 0:00:25]} 32. b3 {[%emt 0:00:59]} Qe6 {[%emt 0:00:27]} 33. Rd2 {[%emt 0:00:32]} Qf5 {[%emt 0:00:37]} 34. Qg2 {[%emt 0:00:30]} Rg8 {[%emt 0:00:30]} 35. Qg4 {[%emt 0:00:30]} Qf8 {[%emt 0:00:29]} 36. Qh4 {[%emt 0:00:25]} Qf7 {[%emt 0:00:33]} 37. Rg2 {[%emt 0:00:33]} Qf5 {[%emt 0:00:30]} 38. Rg5 {[%emt 0:00:30]} Qd3 {[%emt 0:00:30]} 39. Qg4 {[%emt 0:00:30]} Qd6 {[%emt 0:00:26]} 40. Qh5 {[%emt 0:00:30]} Qe6 {[%emt 0:00:34]} 41. Rg4 {[%emt 0:00:27]} Qf6 {[%emt 0:00:30]} 42. Rh4 {[%emt 0:00:34]} h6 {[%emt 0:00:29]} 43. Rg4 {[%emt 0:00:31]} Bf8 {[%emt 0:00:29]} 44. Bf2 {[%emt 0:00:30]} Rxg4 {[%emt 0:00:30]} 45. hxg4 {[%emt 0:00:30]} Qe6 {[%emt 0:00:30]} 46. Kg2 {[%emt 0:00:28]} Kg7 {[%emt 0:00:31]} 47. Qh1 {[%emt 0:00:29]} Bd6 {[%emt 0:00:31]} 48. Qa1+ {[%emt 0:00:31]} Qe5 {[%emt 0:00:29]} 49. Qd1 {[%emt 0:00:30]} h5 {[%emt 0:00:31]} 50. Qd3 {[%emt 0:00:30]} hxg4 {[%emt 0:00:30]} 51. fxg4 {[%emt 0:00:32]} Kh6 {[%emt 0:00:28]} 52. Qh3+ {[%emt 0:00:30]} Kg6 {[%emt 0:00:26]} 53. Qd3+ {[%emt 0:00:30]} Kg5 {[%emt 0:00:36]} 54. Qh3 {[%emt 0:00:28]} Qd5+ {[%emt 0:00:30]} 55. Qf3 {[%emt 0:00:25]} Qxf3+ {[%emt 0:00:30]} 56. Kxf3 {[%emt 0:00:37]} b5 {[%emt 0:00:28]} 57. Be1 {[%emt 0:00:29]} Be5 {[%emt 0:00:32]} 58. Bd2 {[%emt 0:00:30]} c4 {[%emt 0:00:30]} 59. bxc4 {[%emt 0:00:30]} bxc4 {[%emt 0:00:30]} 60. a4 {[%emt 0:00:30]} c3 {[%emt 0:00:30]} 61. Bc1 {[%emt 0:00:30]} c2 {[%emt 0:00:30]} 62. a5 {[%emt 0:00:00]} a6 {[%emt 0:00:29]} 63. Bd2 {[%emt 0:00:59]} Bc7 {[%emt 0:00:29]} 64. Bc1 {[%emt 0:00:32]} Kh4 $19 {[%emt 0:00:31]} 1/2-1/2

[Event "29th IND-ch U17 Open 2018"]
[Site "Sonipat"]
[Date "2018.09.10"]
[Round "10"]
[White "Srijit Paul"]
[Black "Mitrabha, Guha"]
[Result "1/2-1/2"]
[WhiteElo "2335"]
[BlackElo "2376"]
[Annotator "TA"]
[PlyCount "112"]
[EventDate "2018.09.05"]
[EventCountry "IND"]
[SourceTitle "playchess.com"]
[Source "ChessBase"]
[SourceQuality "1"]

{[%evp 20,112,9,-16,17,10,22,17,26,17,21,27,25,33,27,26,43,45,46,25,46,41,56,56,42,43,58,0,96,57,113,118,105,57,50,49,94,66,56,55,48,49,61,31,57,0,0,-47,-69,-63,0,0,0,-80,-88,-70,-78,-87,0,0,70,73,80,54,63,26,72,29,24,26,28,21,36,16,32,9,34,27,35,25,37,37,39,18,19,18,21,18,27,0,81,78,84,-8,-8]} 1. e4 c6 2. d4 d5 3. e5 Bf5 4. Nd2 e6 5. Nb3 Nd7 6. Nf3 a6 {B12: Caro-Kann: Advance Variation} (6... Ne7 7. Be2 Ng6 8. O-O f6 9. c4 dxc4 10. Bxc4 fxe5 11. Ng5 Qf6 12. g4 Nf4 13. Bxf4 exf4 14. Nxe6 Bxe6 15. Bxe6 {½-½ (46) Grischuk,A (2766)-Mamedyarov,S (2808) Paris 2018}) 7. Be2 c5 8. dxc5 Bxc5 9. Nxc5 Nxc5 10. O-O Ne7 11. Be3 {LiveBook: 5 Games} Rc8 12. Nd4 Bg6 13. c3 O-O 14. a4 Nd7 $146 15. f4 Be4 16. a5 Nf5 17. Nxf5 Bxf5 18. Bd4 {[%cal Be3d4,Bd4c5,Bc5d6][%mdl 32]} Be4 19. Bg4 Qh4 20. b4 {[%cal Bb2b4,Bb4b5][%mdl 32]} Nb8 21. Be2 Nc6 22. Bc5 Rfe8 23. Qa4 (23. Qe1 $14 Qh6 24. Bd1) 23... Qh6 (23... g5 $11 24. b5 Nb8) 24. Rf2 Qg6 (24... Nb8 $14) 25. b5 $1 $16 {[%cal Rb5c6]} Nb8 26. Bd6 Bd3 $1 27. f5 Bxf5 28. bxa6 bxa6 29. Bxb8 Rxb8 30. Bxa6 {Black must now prevent Bb7!} Re7 31. Qc6 {Strongly threatening Rb2!} Qg5 32. Bc8 (32. Qc5 $14) 32... h6 $36 {[%mdl 2048] Hoping for ...Qe3. Black is more active.} 33. a6 Qe3 34. Bb7 {a7 is the strong threat.} Qa7 (34... Qxe5 35. Qc5) (34... Kh7 $1 $15) 35. Raa2 Bb1 {[%cal Bf5b1,Bb1d3,Bd3c4][%mdl 32]} 36. Rab2 {[#]} (36. Ra4 $11) 36... Bd3 $1 $17 37. Ra2 ({Avoid the trap} 37. Qb6 $2 Qxb6 38. Rxb6 {[#]} Bxa6 $1 $19 {[%mdl 512]}) 37... Bc4 38. Ra4 Rexb7 ({Better is} 38... Qe3 $17 {( -> ...Qe1+)} 39. g3 Qxe5) 39. axb7 $11 Qxb7 (39... Rxb7 $11 40. g3 Rb1+ 41. Kg2 Qe3) 40. Qxb7 $14 Rxb7 $17 {[%mdl 4096] Endgame KRR-KRB} 41. h3 (41. Rf3 {is interesting.} Be2 42. Rff4 Bd3 43. Rfb4 Rc7 44. Ra3) 41... Kh7 42. Ra1 Rc7 43. Rf3 Be2 $1 {[%cal Re2f3]} 44. Re3 Bh5 $1 45. Ra8 Bg6 46. Rf8 Rb7 47. Rc8 Rb1+ 48. Kf2 Be4 49. Re2 Bd3 50. Rd2 Bc4 51. Rc7 Kg6 52. Rd4 h5 {[%cal Bh6h5,Bh5h4][%mdl 32]} 53. Rf4 f6 54. Rc6 {And now exf6 would win.} Kg5 (54... fxe5 $11 {keeps the balance.} 55. Rxe6+ Kg5) 55. Kg3 $16 {aiming for h4+.} Re1 56. Rxe6 (56. h4+ $16 Kg6 57. Rxe6) 56... h4+ $1 {Precision: White = 41%, Black = 49%.} 1/2-1/2

[Event "29th IND-ch U17 Open 2018"]
[Site "Sonipat"]
[Date "2018.09.10"]
[Round "10"]
[White "Panesar Vedant"]
[Black "Krishnater Kushager"]
[Result "*"]
[WhiteElo "2124"]
[BlackElo "2333"]
[Annotator "TA"]
[PlyCount "58"]
[EventDate "2018.09.05"]
[EventCountry "IND"]
[SourceTitle "playchess.com"]
[Source "ChessBase"]
[SourceQuality "1"]

{[%evp 21,58,0,6,0,0,-13,-12,-11,0,0,17,11,22,13,49,45,79,75,75,66,68,66,70,42,51,29,52,40,66,0,16,-20,-20,-21,-28,-32,22,19,18]} 1. Nf3 Nf6 2. c4 g6 3. Nc3 Bg7 4. e4 d6 5. d4 O-O 6. Be2 c6 7. O-O e5 8. dxe5 dxe5 9. Qxd8 Rxd8 10. Nxe5 {E94: King's Indian: Classical: 6 Be2 e5 7 0-0: Various Black 7th moves} Nxe4 11. Nxe4 Bxe5 {LiveBook: 14 Games} 12. Bf3 $146 ({Predecessor:} 12. Bg5 Re8 13. Bf3 Bf5 14. Rfd1 Bxe4 15. Bxe4 Na6 16. Bf3 Nc5 17. Rab1 Ne6 {½-½ (63) Hertneck,G (2496)-Kozul,Z (2607) Germany 2018}) 12... Kg7 13. Re1 Na6 14. a3 f6 15. Rb1 Be6 16. b3 Rd3 17. Be3 $36 {[%mdl 2048] Black is under pressure.} Bg8 18. Red1 Rxd1+ 19. Rxd1 {Black must now prevent Rd7+.} Be6 20. Nd6 Bxd6 $1 21. Rxd6 Kf7 22. h4 Nc7 23. b4 Ke7 24. Bc5 {[#] Rxc6+ is the strong threat.} Kf7 25. Be3 Ke7 26. Rd1 Bxc4 27. Bc5+ Ke8 $1 28. b5 Nd5 (28... Bxb5 $15 29. Re1+ Kd8) 29. bxc6 $11 bxc6 {Precision: White = 49%, Black = 44%.} *